00383nam a2200109Ia 4500008004100000100002200041245005100063260006900114300001100183650001100194856006800205160712s9999 xx 000 0 und d aIcayan, Joy Anne. cJoy Anne IcayanaShock Session and Other Poems c2013bLikhaan: The Journal of Contemporary Philippine Literature avol. 7 xPOETRY uhttp://journals.upd.edu.ph/index.php/lik/issue/view/537/showToc